IMMUNOLOGY (Record no. 15070)
[ view plain ]
| 000 -LEADER | |
|---|---|
| fixed length control field | 00369cam a2200169ua 4500 |
| 008 - FIXED-LENGTH DATA ELEMENTS--GENERAL INFORMATION | |
| fixed length control field | 120706n2007 II |||gr||||Z||||||eng |
| 040 ## - CATALOGING SOURCE | |
| Original cataloging agency | MAIN |
| 041 ## - LANGUAGE CODE | |
| -- | English |
| 082 ## - DEWEY DECIMAL CLASSIFICATION NUMBER | |
| Classification number | 571.96 JOS |
| 100 ## - MAIN ENTRY--PERSONAL NAME | |
| Personal name | JOSHI , K.R. |
| 245 ## - TITLE STATEMENT | |
| Title | IMMUNOLOGY |
| 260 ## - PUBLICATION, DISTRIBUTION, ETC. | |
| Place of publication, distribution, etc. | JODHPUR |
| Name of publisher, distributor, etc. | AGROBIOS |
| Date of publication, distribution, etc. | 2007 |
| 300 ## - PHYSICAL DESCRIPTION | |
| Extent | 360: |
| Dimensions | 22CM. |
| 700 ## - ADDED ENTRY--PERSONAL NAME | |
| Personal name | OSAMA , N.O. |
| 942 ## - ADDED ENTRY ELEMENTS (KOHA) | |
| Koha item type | Books |
| Withdrawn status | Lost status | Damaged status | Not for loan | Collection code | Home library | Current library | Shelving location | Date acquired | Full call number | Barcode | Date last seen | Copy number | Price effective from | Koha item type | Public note |
|---|---|---|---|---|---|---|---|---|---|---|---|---|---|---|---|
| TBHMSC | Central Library and Information Centre Sibsagar Girls College | Central Library and Information Centre Sibsagar Girls College | HOMESCIENCE BOOK RACK | 13.07.2008 | 571.96 JOS | 23386 | 27.02.2020 | 1 | 27.02.2020 | Books | V |